000 00647nam a2200253Ia 4500
003 OSt
005 20221007110730.0
006 a|||||r|||| 00| 0
007 ta
008 221006b |||||||| |||| 00| 0 eng d
024 _a21,723
037 _cTextual
040 _aLCO
_cLCO
_beng
041 _2eng
_aeng
082 _aX8(A):Z, K7
100 _aSamuels H.
_9344098
245 0 _aIndustrial Law Foreword by Harold Morris
250 _a7th
260 _aLondon
_bPitman Paperbacks U.K.
_c1967
300 _a218
650 _aINDUSTRIAL LAW
942 _hX8(A):Z, K7
_cTEXL
999 _c1191286
_d1191286